000
00270nam a2200109Ia 4500
008
190216s9999||||xx |||||||||||||| ||und||
100
_a
Sundharam Kpm&Amp; Sundharam En
245
0
_a
Economic Analysis
260
_b
Sulthan Chand&Sons
_c
1983
300
_a
576p
942
_c
BK
999
_c
9581
_d
9581